Biblioteka Instytutu Północnego w Olsztynie

Polacy na szerokim świecie / (Rekord nr 27758)

Szczegóły MARC
000 -Nagłówek
fixed length control field 00894cam a2200253 i 4500
001 - Nr kontrolny bibl., która utworzyła rek.
control field xx002434901
003 - Siglum bibl., której nr kontr. jest w 001
control field NUKAT
005 - Data i czas ostatniej operacji
control field 20260425100237.0
008 - Elementy pola stałej długości
fixed length control field 120403s1936 pl g |000 0 pol c
035 ## - Systemowy numer kontrolny
systemowy numer kontrolny (OCoLC)804738388
035 ## - Systemowy numer kontrolny
systemowy numer kontrolny (NUKAT)xx002434901
040 ## - Instytucja sporządzająca opis
Instytucja, która sporządziła opis KAT U/AM
język katalgowania-trzyzn. kod pol
zasady opisu rda
Instytucja, która sporządziła rekord KAT U/AMmok
Instytucja, która zmodyfikowała rekord OLSZT 008/sp
100 1# - Hasło główne-nazwa osobowa
Nazwa osobowa Grudziński, Kazimierz.
rodzaj współpracy Autor
9 (RLIN) 40506
245 10 - Tytuł właściwy i oznaczenie odpow.
tytuł Polacy na szerokim świecie /
dod. inf. ze s. tyt./ozn. odpow. Kazimierz Grudziński.
260 ## - Adres wydawniczy
miejsce wydania, dystrybucji itp. Warszawa :
nazwa wydawcy, dystrybutora itp. Towarzystwo Pomocy Polonii Zagranicznej,
data wydania, dystrybucji itp. 1936.
300 ## - Opis fizyczny
objętość i/lub forma materiału 64 strony ;
format 23 cm.
336 ## - Content Type
Term Tekst
Code txt
Source rdacontent
337 ## - Media Type
Term Bez urządzenia pośredniczącego
Code n
Source rdamedia
338 ## - Carrier Type
Term Wolumin
Code nc
Source rdacarrier
500 ## - Uwaga ogólna
uwaga ogólna Nazwa autora pod tekstem.
650 #4 - Hasło przedmiotowe-nazwa pospolita
nazwa pospolita lub geogr. Polacy
określnik geograficzny za granicą
określnik chronologiczny 1900-1945.
źródło hasła kaba
9 (RLIN) 4653
710 2# - Hasło dodatkowe - nazwa ciała zbior.
nazwa ciała zbior. lub nazwa geogr. Towarzystwo Pomocy Polonii Zagranicznej.
rodzaj współpracy Wydawca
kod rodzaju współpracy pbl
9 (RLIN) 40507
942 ## - ADDED ENTRY ELEMENTS (KOHA)
Source of classification or shelving scheme Dewey Decimal Classification
Koha item type pozycje dostępne na miejscu
Egzemplarze
Status wycofania Status zagubienia Klasyfikacja Status uszkodzenia Blokada wypożyczeń Kolekcja Lokalizacja macierzysta Lokalizacja bieżąca Data nabycia Numer akcesji Źródło akcesji Nr inwentarzowy il. wypożyczeń Sygnatura Kod kreskowy Date last seen Price effective from Typ egz.
    Dewey Decimal Classification nieuszkodzona   Pracownia Badań Księgozbiorów Historycznych Biblioteka Instytutu Północnego w Olsztynie Pracownia Badań Księgozbiorów Historycznych 25/04/2026 K-18/1965 kupno 15947   15947 IPWK23801 25/04/2026 25/04/2026 pozycje dostępne na miejscu
Biblioteka Instytutu Północnego, ul. Partyzantów 87, 10-402 Olsztyn, email: biblioteka(at)ip.olsztyn.pl